00299nam a2200097Ia 45000010005000000080041000050820025000461000024000712450066000952600040001614174241024s9999 xx 000 0 und d aRD/863.44/R129c/2015 aRadio Santa María 0a22 Concurso de cuentos de Radio Santa María. Ganadores 2015 bEdiciones Radio Santa Maríac2015